000 00577nam a2200181 i 4500
001 57063
003 ES-MaACL
005 20240603132824.0
007 t|
008 031014s1977 sp ||||1| spa d
100 0 _aDíez del Corral, Francisco.
_944717
245 1 0 _aLiberación o barbarie /
_cFrancisco Díez del Corral ; [prólogo por José Luis L. Aranguren].
260 _a[Madrid] :
_bCambio 16,
_c[1977]
300 _aXII, 181 p. ;
_c20 cm.
700 1 _aAranguren, José Luis L.,
_d1909-1996
_922315
852 _aES-MaACL
_jA-6591
_bR.95607
999 _c57063
_d57063